Statistics for Countries Closest to China A-Z

Click here to take the quiz!

General Stats

  • This quiz has been taken 1,643 times
    (1,331 since last reset)
  • The average score is 24 of 27

Answer Stats

Country% Correct
JJapan
96%
M 1Mongolia
96%
N 2North Korea
96%
QQatar
96%
RRussia
96%
YYemen
96%
IIndia
95%
OOman
95%
K 1Kazakhstan
94%
LLaos
94%
N 1Nepal
94%
SSouth Korea
94%
VVietnam
94%
ZZambia
94%
B 1Bhutan
93%
CCambodia
89%
K 2Kyrgyzstan
89%
UUzbekistan
89%
AAfghanistan
88%
PPakistan
88%
M 2Myanmar
87%
TTajikistan
85%
HHungary
73%
GGeorgia
68%
FFinland
67%
EEast Timor
64%
DDjibouti
63%

Score Distribution

Percentile by Number Answered

Percent of People with Each Score

Your Score History

You have not taken this quiz since the last reset